Представление документа в формате MARC21

Поле Инд. ПП Название Значение
Тип записи a
Библиографический уровень m
001 _ Контрольный номер RU\infra-m\znanium\bibl\1032055
005 _ Дата корректировки 20250915104120.3
008 Кодируемые данные 221012s2020 RU g rus u
020 a ISBN 978-5-98281-343-5
020 a ISBN 978-5-16-100705-1
020 a ISBN 978-5-16-006768-1
040 a Служба первич. каталог. Общество с ограниченной ответственностью «ЗНАНИУМ»
041 a Код языка текста rus
044 a Код страны публикации RU
080 a Индекс УДК 340(075.8)
084 2 Источник индекса rubbk
a Индекс другой классификации/Индекс ББК 67.0
084 2 Источник индекса okso
a Индекс другой классификации/Индекс ББК 43.02.08
084 2 Источник индекса okso
a Индекс другой классификации/Индекс ББК 38.02.04
084 2 Источник индекса okso
a Индекс другой классификации/Индекс ББК 38.02.05
084 2 Источник индекса okso
a Индекс другой классификации/Индекс ББК 42.02.01
084 2 Источник индекса okso
a Индекс другой классификации/Индекс ББК 39.02.01
084 2 Источник индекса okso
a Индекс другой классификации/Индекс ББК 39.02.02
084 2 Источник индекса okso
a Индекс другой классификации/Индекс ББК 38.02.06
084 2 Источник индекса okso
a Индекс другой классификации/Индекс ББК 38.02.07
084 2 Источник индекса okso
a Индекс другой классификации/Индекс ББК 38.02.01
084 2 Источник индекса okso
a Индекс другой классификации/Индекс ББК 38.02.02
084 2 Источник индекса okso
a Индекс другой классификации/Индекс ББК 38.02.03
084 2 Источник индекса okso
a Индекс другой классификации/Индекс ББК 43.02.14
100 1_ a Автор Ахметьянова Замира Асраровна
q Полное имя Замира Асраровна
245 a Заглавие Основы права
b Продолж. заглавия Учебник
c Ответственность Казанский (Приволжский) федеральный университет; Белгородский университет кооперации, экономики и права; Коми республиканская академия государственной службы и управления; Казанский инновационный университет им. В.Г. Тимирясова
250 g перераб. и доп.
a Основные сведения об издании 2
260 a Место издания Москва
b Издательство Издательский дом "Альфа-М"
c Дата издания 2020
300 a Объем 400 с.
520 a Аннотация Рассматриваются базовые темы юриспруденции: основы теории права конституционное право гражданское право семейное право трудовое право уголовное право налоговое право экологическое право и др. Содержание полностью соответствует требованиям федерального образовательного стандарта 3-го поколения. Приводятся вопросы для самопроверки задания и тесты глоссарий перечень латинских изречений.
521 a Примеч. о целев. назн. Среднее профессиональное образование
650 a Основная рубрика Право. Юридические науки
x Основная подрубрика Основы государства и права
700 1_ a Другие авторы Воронцова Оксана Викторовна
q Полное имя Оксана Викторовна
700 1_ a Другие авторы Вотчель Нелли Рашидовна
q Полное имя Нелли Рашидовна
852 x Примечание, не предназначенное для пользователя znanium2023
856 4_ a Имя сервера/домена znanium.com
m Помощь ebs_support@infra-m.ru
n Местонахождение сервера НИЦ ИНФРА-М
u URL https://znanium.com/catalog/document?id=358855
z Примечание для пользователя Участвует в КО
856 41 a Имя сервера/домена znanium.com
d Путь /cover/1032
f Электронное имя 1032055.jpg
q Тип электронного формата image/jpeg
u URL https://znanium.com/cover/1032/1032055.jpg